|
|
|
|
| LEADER |
01137nam a2200313 a 4500 |
| 001 |
26432 |
| 003 |
BD-DhAAL |
| 008 |
121231s2011 maua b 001 0 eng |
| 999 |
|
|
|c 13088
|d 13088
|
| 010 |
|
|
|a 2010922638
|
| 020 |
|
|
|a 9780538735896
|
| 020 |
|
|
|a 0538735899
|
| 020 |
|
|
|a 9780538733496
|
| 020 |
|
|
|a 0538733497
|
| 040 |
|
|
|a DLC
|c DLC
|d DLC
|d BD-DhAAL
|
| 082 |
0 |
0 |
|a 570.1/5195
|2 22
|
| 100 |
1 |
|
|a Rosner, Bernard
|q (Bernard A.)
|9 44034
|
| 245 |
1 |
0 |
|a Fundamentals of biostatistics /
|c Bernard Rosner.
|
| 250 |
|
|
|a Seventh edition
|
| 260 |
|
|
|a Boston :
|b Brooks/Cole, Cengage Learning,
|c c2011.
|
| 300 |
|
|
|a xvii, 859 pages :
|b illustrations ;
|c 27 cm.
|
| 504 |
|
|
|a Includes bibliographical references and index.
|
| 541 |
|
|
|e 26432
|
| 650 |
|
0 |
|a Biometry
|v Textbooks.
|9 44035
|
| 650 |
|
0 |
|a Medical statistics
|v Textbooks.
|9 44036
|
| 650 |
|
0 |
|a Pharmacy.
|9 44037
|
| 852 |
1 |
|
|a Ayesha Abed Library
|j General shelf
|
| 942 |
|
|
|2 ddc
|c BK
|
| 952 |
|
|
|0 0
|1 0
|4 0
|6 570_151950000000000_ROS
|7 0
|9 21749
|a BRACUL
|b BRACUL
|c GEN
|d 2012-12-31
|e Trim Education
|g 5275.00
|l 27
|m 109
|o 570.15195 ROS
|p 3010026432
|q 2026-05-19
|r 2026-02-19
|s 2026-02-19
|t 1
|w 2012-12-31
|y BK
|